Top 30 biggest suburbs in Helsinki, Finland - Statistics

General Stats
  • This quiz has been taken 328 times
  • The average score is 7 of 30
Answer Stats
Population Suburb % Correct
12 228 Kamppi
67%
14 418 Kontula
63%
8 743 Mellunmäki
48%
14 992 Etu-Töölö
46%
9 221 Punavuori
45%
15 492 Taka-Töölö
44%
8 073 Käpylä
35%
12 164 Myllypuro
32%
10 706 Ullanlinna
32%
10 140 Vallila
31%
9 342 Jätkäsaari
28%
9 672 Pohjois-Haaga
27%
8 538 Malminkartano
26%
12 491 Etelä-Haaga
25%
8 371 Pukinmäki
25%
13 272 Kannelmäki
24%
7 841 Aurinkolahti
11%
9 884 Linjat
8%
9 152 Herttoniemenranta
7%
13 897 Keski-Vuosaari
7%
8 953 Tapulikaupunki
7%
8 729 Länsi-Herttoniemi
6%
8 016 Siltamäki
5%
8 184 Tapaninvainio
5%
9 786 Latokartano
4%
8 411 Vattuniemi
4%
12 522 Yliskylä
4%
10 289 Patola
3%
8 506 Kotkavuori
1%
8 848 Vanha Munkkiniemi
1%
No matching quizzes found
Score Distribution
Percent of People with Each Score
Percentile by Number Answered
Your Score History
You have not taken this quiz